00303nam a2200121Ia 4500008004100000041000800041082001300049100002300062245004500085260002300130300001900153365000900172240624s9999 xx 000 0 und d aeng a920 BUR  aNEWKEY BURDEN CHAS a64 GEEKS MEET THE BRAINS WHO CHANGED THE c2018aLondonbILEX a143 p.; 23 cm. cb33